Sports Quiz

Random Sports or Soccer Quiz

XIs of FIFA top 5 ranked teams Quiz Stats

 Plays Quiz not verified by Sporcle

Score 0/275 Timer 20:00
0 Plays Today
% Correct
Ronaldo
95.2%
Ronaldo
95.2%
Cristiano Ronaldo
95.2%
Iker Casillas
90.3%
Iker Casillas
90.3%
Iker Casillas
90.3%
Xavi
89%
Xavi
89%
Andrés Iniesta
88.1%
Philipp Lahm
88.1%
Andrés Iniesta
88.1%
Philipp Lahm
88.1%
Gilberto Silva
87.7%
Gilberto Silva
87.7%
Manuel Neuer
87.2%
Müller
86.8%
Thomas Müller
86.8%
Lionel Messi
86.8%
David Villa
86.3%
Fernando Torres
85.9%
Ronaldinho
85.5%
Zinedine Zidane
84.6%
Sergio Ramos
84.6%
Sergio Ramos
84.6%
Pedro
84.6%
Fabien Barthez
83.7%
Fabien Barthez
83.7%
Gerard Piqué
83.7%
Thierry Henry
82.8%
Miroslav Klose
82.8%
Bastian Schweinsteiger
82.4%
Roberto Carlos
81.9%
Carles Puyol
81.9%
Raúl
81.9%
Carles Puyol
81.9%
Vicente
81.5%
Cafu
81.1%
Cafu
81.1%
Cafu
81.1%
Jérôme Boateng
81.1%
Gianluigi Buffon
80.6%
Rivaldo
80.2%
Rivaldo
80.2%
James Rodríguez
79.7%
Edwin van der Sar
78.9%
Edwin van der Sar
78.9%
Jürgen Klinsmann
78.4%
Toni
77.1%
Kaká
76.7%
Sergio Busquets
76.2%
Paolo Maldini
75.8%
Cesc Fàbregas
75.8%
Cesc Fàbregas
75.8%
Toni Kroos
75.3%
Marcel Desailly
74.9%
Marcel Desailly
74.9%
Sergio Agüero
74.9%
Lilian Thuram
74.4%
Lilian Thuram
74.4%
Michael Ballack
74.4%
Nani
73.6%
Laurent Blanc
72.7%
Ruud van Nistelrooy
72.7%
Pepe
72.7%
Jordi Alba
72.2%
Sergio Romero
72.2%
Davor Šuker
71.8%
Wesley Sneijder
71.8%
Andrea Pirlo
71.8%
Bixente Lizarazu
71.4%
Didier Deschamps
71.4%
Gabriel Batistuta
71.4%
Bixente Lizarazu
71.4%
Emmanuel Petit
70.9%
Dida
70.9%
Lúcio
70.9%
Lúcio
70.9%
Mesut Özil
70.9%
Ángel Di María
70.9%
Lothar Matthäus
70.5%
Sami Khedira
70%
Per Mertesacker
69.6%
Per Mertesacker
69.6%
Bruno Alves
69.2%
Dino Baggio
68.7%
Roberto Baggio
68.7%
Lukas Podolski
68.7%
Radamel Falcao
68.7%
Cláudio Taffarel
67.4%
Cláudio Taffarel
67.4%
Fabio Cannavaro
67.4%
Dunga
67%
% Correct
Dunga
67%
Jens Lehmann
67%
Javier Mascherano
66.1%
Bebeto
65.6%
Fernando Hierro
65.6%
Bebeto
65.6%
Giovanni van Bronckhorst
65.2%
Frank de Boer
64.3%
Daniele De Rossi
64.3%
Júlio César
64.3%
Robert Pirès
63.9%
Joan Capdevila
63.4%
Youri Djorkaeff
63%
Marcos Senna
63%
Oliver Bierhoff
62.6%
Juan Sebastián Verón
61.7%
Mark van Bommel
60.8%
Rui Patrício
60.8%
Sylvain Wiltord
60.4%
Franco Baresi
59.9%
Hernán Crespo
59.9%
João Moutinho
59.9%
Javier Zanetti
59.5%
Javier Zanetti
59.5%
Edgar Davids
59%
Rafael van der Vaart
59%
Rafael van der Vaart
59%
Gennaro Gattuso
59%
Marcos Rojo
59%
Klaas-Jan Huntelaar
58.6%
Giorgio Chiellini
58.6%
Luca Toni
58.6%
Benedikt Höwedes
58.6%
Patrick Kluivert
57.7%
Álvaro Arbeloa
57.3%
Andreas Köpke
56.8%
Andreas Köpke
56.8%
Gianluca Zambrotta
56.4%
Stéphane Guivarc'h
55.9%
Juan
55.9%
David Ospina
55.9%
Alessandro Costacurta
55.5%
Maicon
55.1%
Robinho
55.1%
Andreas Möller
54.6%
Andoni Zubizarreta
54.6%
Andreas Möller
54.6%
Roberto Ayala
54.2%
Roberto Ayala
54.2%
Fabio Grosso
54.2%
Christian Karembeu
53.7%
Diego Simeone
53.7%
Claudio López
53.7%
Johnny Heitinga
53.7%
Nigel de Jong
53.7%
Dirk Kuyt
53.7%
Jaap Stam
53.3%
Aldair
52.9%
Jürgen Kohler
52.4%
Jürgen Kohler
52.4%
Carlos Marchena
52%
Phillip Cocu
52%
Carlos Marchena
52%
Fábio Coentrão
51.5%
Gianluca Pagliuca
50.7%
Jostein Flo
49.8%
William Gallas
49.3%
Míchel Salgado
49.3%
Carlos Sánchez
49.3%
Miguel Ángel Nadal
48.5%
Demetrio Albertini
48%
Iván Helguera
48%
Christoph Metzelder
48%
Stefan Effenberg
47.6%
Thomas Häßler
46.7%
Michael Reiziger
45.8%
Christian Ziege
45.4%
Ezequiel Garay
45.4%
Albert Ferrer
44.5%
Ariel Ortega
43.6%
Luís Fabiano
43.2%
Juan Cuadrado
43.2%
Jens Jeremies
42.7%
Zvonimir Boban
42.3%
Raul Meireles
41.9%
Joris Mathijsen
41.4%
David Albelda
40.1%
Rubén Baraja
40.1%
César Sampaio
39.6%
Kléberson
39.6%
Hélder Postiga
39.6%
Karl-Heinz Riedle
39.2%
% Correct
Denílson
39.2%
Walter Samuel
39.2%
Mario Yepes
39.2%
Dietmar Hamann
38.8%
Lucho González
38.3%
Mauro Camoranesi
37.9%
Lucas Biglia
37.9%
Slaven Bilić
37.4%
Christian Wörns
34.4%
Antonio Di Natale
34.4%
Márcio Santos
33.9%
Robert Jarni
33.9%
Thomas Helmer
33.5%
José Mari Bakero
33.5%
Júnior Baiano
33%
Emerson
33%
Pablo Aimar
31.7%
Boudewijn Zenden
31.3%
Camilo Zúñiga
31.3%
André Ooijer
30.8%
Miguel Veloso
30.8%
Dario Šimić
30.4%
Teófilo Gutiérrez
30%
Jorginho
29.5%
Julio Salinas
29.5%
Mikaël Silvestre
28.6%
Jörg Heinrich
28.2%
Roberto Sensini
28.2%
Matías Almeyda
28.2%
Santi Cazorla
28.2%
Raí
27.8%
Juan Carlos Valerón
26.9%
Ulf Kirsten
26.4%
Pablo Armero
26.4%
Branco
26%
Pierluigi Casiraghi
25.6%
João Pereira
25.6%
Stig Inge Bjørnebye
25.1%
Guido Buchwald
24.7%
Giuseppe Signori
24.7%
Zinho
23.8%
Michael Tarnat
23.8%
Marcel Schmelzer
23.8%
Rodrigo Palacio
23.8%
Rafael Alkorta
23.3%
Goran Vlaović
22.9%
Olaf Thon
22.5%
Germán Burgos
22.5%
Thomas Hitzlsperger
22.5%
Øyvind Leonhardsen
22%
Igor Štimac
22%
Aljoša Asanović
22%
Marcell Jansen
20.7%
Kjetil Rekdal
20.3%
Diego
20.3%
Benoît Pedretti
19.4%
Joseba Etxeberria
18.5%
Dražen Ladić
18.1%
Mario Stanić
17.6%
Nelson Vivas
17.2%
Luisão
17.2%
Luisão
17.2%
Erik Thorstvedt
16.7%
Jan Åge Fjørtoft
15.4%
Erik Mykland
14.5%
Olivier Dacourt
14.5%
Zvonimir Soldo
14.1%
Julen Guerrero
13.2%
Pablo Cavallero
12.8%
Júlio Baptista
12.3%
Rune Bratseth
11.9%
Hugo Campagnaro
11.9%
Josué
11%
Abel Aguilar
11%
Gunnar Halle
10.6%
Diego Placente
10.6%
Demy de Zeeuw
10.1%
Diego Fuser
9.7%
Pietro Vierchowod
9.3%
Clemens Fritz
9.3%
Tore Pedersen
8.8%
Lars Bohinen
8.8%
Andrés D'Alessandro
8.8%
César Delgado
8.8%
Heiko Westermann
8.8%
Luis Perea
8.8%
Ion Andoni Goikoetxea
7%
José María Basanta
7%
Facundo Quiroga
3.1%
Fernando Giner
1.8%
Válber
1.3%

You're not logged in!

Compare scores with friends on all Sporcle quizzes.
OR
Log In

Sporcle TV

Today on Sporcle TV


Watch our educational content, quiz creation guides, and fun videos on Sporcle TV.

Show Comments

Extras

Top Quizzes Today


Score Distribution

Your Account Isn't Verified!

In order to create a playlist on Sporcle, you need to verify the email address you used during registration. Go to your Sporcle Settings to finish the process.

Report this User

Report this user for behavior that violates our Community Guidelines.

Details: